| 000 | 00796nam a2200217Ia 4500 | ||
|---|---|---|---|
| 001 | 1311 | ||
| 003 | GE_BSU | ||
| 008 | 181216s||||||||xx |||||||||||||| ||und|| | ||
| 040 | _cGE_BSU | ||
| 080 | _a34(094.4)+33(094.4)+614.3 | ||
| 245 | _aკოდექს ალიმენტარიუსის კომისია. | ||
| 245 | _bსურსათის ჰიგიენის ძირითადი საკითხები. | ||
| 250 | _aგამოც. მე-2. | ||
| 260 | _aთბილისი | ||
| 260 | _c2004 | ||
| 300 | _a68 გვ. 20 სმ. | ||
| 541 | _h3 ლ. | ||
| 653 | _aსურსათის ჰიგიენა. | ||
| 653 | _aსურსათის ჰიგიენის ძირითადი საკითხები. | ||
| 942 | _cBK | ||
| 999 |
_c35453 _d35453 |
||